Mathematical analysis for economics and agriculture (Record no. 9119)

000 -LEADER
fixed length control field 00293nam a22001217a 4500
040 ## - CATALOGING SOURCE
Transcribing agency SK
082 ## - DEWEY DECIMAL CLASSIFICATION NUMBER
Classification number 330
100 ## - MAIN ENTRY--AUTHOR NAME
Personal name អ៊ុន ប៊ុនលាង
245 ## - TITLE STATEMENT
Title Mathematical analysis for economics and agriculture
260 ## - PUBLICATION, DISTRIBUTION, ETC. (IMPRINT)
Place of publication RUA
Name of publisher អ៊ុន
Year of publication 2001
300 ## - PHYSICAL DESCRIPTION
Number of Pages 587p.
942 ## - ADDED ENTRY ELEMENTS (KOHA)
Koha item type សៀវភៅភាសាខ្មែរ
952 ## - LOCATION AND ITEM INFORMATION (KOHA)
Withdrawn status [LOCAL, KOHA] 0
Holdings
Koha item type Barcode Lost status Permanent Location Current Location Date acquired Full call number
សៀវភៅភាសាខ្មែរRUA44636 Library Block BLibrary Block B2016-08-24330 អ៊ុន 2001
មជ្ឈមណ្ឌលឯការនៃសាកលវិទ្យាល័យភូមិន្ទកសិកម្មចំការដូង

Powered by Koha